Statistics for 50 Physics Ideas You Really Need to Know

Click here to take the quiz!

General Stats

  • This quiz has been taken 227 times
  • The average score is 7 of 50

Answer Stats

HintAnswer% Correct
9Law of disorderSecond law of Thermodynamics
52%
4Mass attractionNewton's laws of gravitation
39%
35Star powerNuclear fusion
39%
34Splitting the atomNuclear fission
37%
5Indestructible energyConservation of energy
36%
47Dark side of the universeDark matter
36%
41Warped space-timeGeneral relativity
31%
40Motion is relativeSpecial relativity
29%
10The big chillAbsolute zero
29%
45The ultimate explosionThe Big Bang
26%
2Motion capturedNewton's laws of motion
21%
7Elastic fantasticHooke's Law
20%
20Circuit theoryOhm's law
20%
33Mirror image matterAntimatter
19%
12Order in chaosChaos theory
19%
42Light trapsBlack holes
17%
39Universal harmoniesString theory
17%
32The hard coreRutherford's atom
16%
11An invisible microscopic danceBrownian motion
15%
24Photon bulletsPhotoelectric effect
11%
29Instant messagingThe EPR paradox
10%
36All in the familyStandard model
10%
49Is there anybody out there?Fermi paradox
10%
6The science of swingSimple harmonic motion
9%
3Law of the worldsKepler's laws
9%
44The expanding universeHubble's law
8%
26Know your limitsHeisenberg's uncertainty principle
7%
28Dead or alive?Scrodinger's cat
7%
46Cosmic growth spurtCosmic inflation
6%
22...and so there was lightMaxwell's equations
5%
19Perfect pitchDoppler effect
5%
31Resistance is futileSuperconductivity
5%
8Pressure cooker physicsIdeal gas law
5%
50The just so universeAnthropic principle
4%
16Light finds the shortest pathSnell's law
4%
13Arteries and aerodynamicsBernoulli equation
3%
30Is this seat taken?Pauli's exclusion principle
2%
37Three-pronged approachFeynman diagrams
2%
38Swimming against the tidesThe God Particle
2%
23Energy budgetPlanck's law
2%
43Our finite universeOlbers' paradox
2%
15Wave progressionHuygens' principle
2%
48The fifth forceCosmological constant
2%
1Mass matters for motionMach's principle
2%
27You chooseCopenhagen interpretation
1%
25Here, there, but not everywhereSchrodinger's wave equation
1%
21Induction rulesFleming's right hand rule
1%
17Spotting structureBragg's Law
1%
14Beyond the rainbowNewton's theory of colour
1%
18Interfering light wavesFraunhofer diffraction
0%

Score Distribution

Percentile by Number Answered

Percent of People with Each Score

Your Score History

You have not taken this quiz